000 00684nam a2200253Ia 4500
003 OSt
005 20221007103031.0
006 a|||||r|||| 00| 0
007 ta
008 221006b |||||||| |||| 00| 0 eng d
024 _a12,022
037 _cTextual
040 _aLCO
_cLCO
_beng
041 _2eng
_aeng
082 _aX72:(Z), M8
100 _aSinghania V.K.
245 0 _aDirect Taxes
_b Law and Practice
260 _aDelhi
_bTaxmann Publications (P.) Ltd. India
_c1988
300 _a1077
650 _aTAX
700 _a Singhania Jeewan
_9417942
942 _hX72:(Z), M8
_cTEXL
999 _c1181585
_d1181585